Eurovision Song Contest 2022 - Grand Final Results - Statistics

General Stats
  • This quiz has been taken 63 times
    5 since last reset
  • The average score is 16 of 25
Answer Stats
Answer % Correct
Spain 960px-Flag_of_Spain.svg.png?20160610210450
100%
Ukraine 960px-Flag_of_Ukraine.svg.png
100%
United Kingdom 960px-Flag_of_the_United_Kingdom_%281-2%29.svg.png
100%
Armenia 960px-Flag_of_Armenia.svg.png
80%
Italy 960px-Flag_of_Italy.svg.png?20111003040337
80%
Australia 960px-Flag_of_Australia.svg.png?20190118170740
60%
Azerbaijan 960px-Flag_of_Azerbaijan.svg.png
60%
Belgium 960px-Flag_of_Belgium.svg.png
60%
Czech Republic 960px-Flag_of_the_Czech_Republic.svg.png
60%
Estonia 960px-Flag_of_Estonia.svg.png
60%
Finland 960px-Flag_of_Finland.svg.png
60%
France 960px-Flag_of_France.svg.png?20220120162234
60%
Germany 960px-Flag_of_Germany.svg.png?20111003033442
60%
Greece 960px-Flag_of_Greece.svg.png
60%
Iceland 960px-Flag_of_Iceland.svg.png
60%
Lithuania 960px-Flag_of_Lithuania.svg.png
60%
Norway 960px-Flag_of_Norway.svg.png
60%
Poland 960px-Flag_of_Poland.svg.png?20231119024730
60%
Portugal 960px-Flag_of_Portugal.svg.png
60%
Sweden 960px-Flag_of_Sweden.svg.png?20140526092806
60%
Switzerland 960px-Flag_of_Switzerland.svg.png
60%
Moldova 960px-Flag_of_Moldova.svg.png
40%
Netherlands 960px-Flag_of_the_Netherlands.svg.png
40%
Romania 960px-Flag_of_Romania.svg.png
40%
Serbia 960px-Flag_of_Serbia.svg.png
40%
No matching quizzes found
Score Distribution
Percent of People with Each Score
Percentile by Number Answered
Your Score History
You have not taken this quiz since the last reset